100 Biggest US Cities in 1990 - Statistics

General Stats
  • This quiz has been taken 305 times
  • The average score is 75 of 100
Answer Stats
Population City % Correct
1,630,553 Houston
99%
2,783,726 Chicago
98%
1,006,877 Dallas
98%
3,485,398 Los Angeles
98%
723,959 San Francisco
98%
7,322,564 New York City
97%
1,585,577 Philadelphia
97%
516,259 Seattle
96%
1,110,549 San Diego
95%
574,283 Boston
94%
983,403 Phoenix
94%
394,017 Atlanta
93%
196,637 Jackson
93%
1,027,974 Detroit
92%
358,548 Miami
92%
395,934 Charlotte
91%
467,610 Denver
91%
396,685 St. Louis
91%
736,014 Baltimore
90%
635,230 Jacksonville
90%
610,337 Memphis
90%
368,383 Minneapolis
90%
488,374 Nashville
90%
935,933 San Antonio
90%
782,248 San Jose
90%
606,900 Washington, DC
90%
178,681 Columbus, GA
89%
635,230 Columbus, OH
89%
280,015 Tampa
89%
465,622 Austin
88%
496,938 New Orleans
88%
437,319 Portland
88%
505,616 Cleveland
87%
258,295 Las Vegas
87%
369,365 Sacramento
87%
731,327 Indianapolis
86%
435,146 Kansas City
86%
444,719 Oklahoma City
86%
405,390 Tucson
86%
364,040 Cincinnati
85%
207,951 Raleigh
85%
515,342 El Paso
84%
447,619 Fort Worth
84%
369,879 Pittsburgh
84%
328,123 Buffalo
83%
269,063 Louisville
83%
628,088 Milwaukee
83%
367,302 Tulsa
83%
335,795 Omaha
82%
384,736 Albuquerque
79%
203,056 Richmond
79%
272,235 St. Paul
79%
393,069 Virginia Beach
78%
265,968 Birmingham
77%
354,202 Fresno
77%
372,242 Oakland
77%
332,943 Toledo
76%
281,140 Colorado Springs
74%
191,972 Lincoln
74%
429,433 Long Beach
74%
275,221 Newark
74%
288,091 Mesa, AZ
73%
193,187 Des Moines
71%
365,272 Honolulu
70%
231,636 Rochester
70%
304,011 Wichita
70%
219,531 Baton Rouge
67%
228,537 Jersey City
67%
191,262 Madison
67%
175,795 Little Rock
65%
223,019 Akron
64%
261,721 Arlington, TX
64%
170,936 Arlington, VA
64%
174,820 Bakersfield
64%
189,126 Grand Rapids
64%
226,338 Anchorage
63%
257,453 Corpus Christi
63%
183,521 Greensboro
63%
225,366 Lexington
63%
226,505 Riverside
62%
266,406 Anaheim
61%
187,106 Montgomery
61%
196,278 Mobile
60%
177,196 Spokane
60%
261,229 Norfolk
58%
182,044 Dayton
56%
173,072 Fort Wayne
53%
188,082 Yonkers
51%
293,742 Santa Ana
48%
198,525 Shreveport
48%
238,629 St. Petersburg
48%
176,664 Tacoma
48%
210,943 Stockton
46%
222,103 Aurora, CO
44%
186,206 Lubbock
44%
180,038 Glendale, CA
41%
173,339 Fremont, CA
31%
188,004 Hialeah, FL
27%
181,519 Huntington Beach
25%
180,650 Garland, TX
15%
No matching quizzes found
Score Distribution
Percent of People with Each Score
Percentile by Number Answered
Your Score History
You have not taken this quiz